| 000 | 00473nam a2200145 a 4500 | ||
|---|---|---|---|
| 001 | 629 | ||
| 003 | CDMR | ||
| 005 | 20130806173156.0 | ||
| 008 | 130130s1952||||||||||||||||||||||||||||d | ||
| 040 |
_aCDMR _bcat _cCPC LLEIDA |
||
| 110 | 2 |
_aAssociació de la Premsa de Barcelona _939 |
|
| 245 | 1 | 0 |
_aCursillo de Conferencias de extensión cultural profesional _cAsociación de la Prensa de Barcelona |
| 260 |
_aBarcelona _c1952 _bAsociación de la Prensa de Barcelona |
||
| 942 |
_cMON _2udc |
||
| 999 |
_c629 _d629 |
||